00245nam a2200085Ia 4500008004100000100002700041245004000068260004200108260000900150170620s9999 xx 000 0 und d aReddy- L. Venkateswara 0aMethods of Teaching Rural Sociology bNew Delhi- Discovery Publishing House c2004